Advertising Campaigns Quiz Stats

 Plays Quiz Updated Jan 11, 2019

     
Support Sporcle.
Go Orange.
Score 0/40 Timer 08:00
0 Plays Today
Campaign or slogan Product % Correct
This [product name]'s for you. [Beer]Budweiser
72.1%
Be all that you can beU.S. Army
67.7%
He likes it! Hey, Mikey!Life cereal
61.4%
I'd walk a mile for a [product name]Camel cigarettes
60%
Take the bus and leave the driving to usGreyhound
58.6%
It's the real thingCoca-Cola
55.4%
The pause that refreshesCoca-Cola
55.4%
Please don't squeeze the [product name]Charmin toilet paper
49.4%
Less filling! Tastes great!Miller Lite beer
49%
Takes a licking and keeps on tickingTimex
48.8%
See the USA in your [product name]Chevrolet
48.6%
Reach out and touch someoneAT&T
48.4%
You deserve a break todayMcDonald's
45.3%
When you care enough to send the very bestHallmark
42.2%
It's morning again in America. [Presidential candidate]Ronald Reagan
40.4%
I can't believe I ate the whooooole thing.Alka-Seltzer
40%
99 and 44/100% PureIvory Soap
39.5%
A different kind of company, A different kind of car.Saturn
34.7%
When it rains it poursMorton Salt
31.7%
You can trust your car to the men who wear the starTexaco
29.8%
Campaign or slogan Product % Correct
[product name] tastes good--like a cigarette shouldWinston
29.2%
Vodka bottles as redesigned with different themesAbsolut Vodka
26.8%
Ring around the collarWisk detergent
25%
Who's that behind those [product name]s?Foster Grant
22.7%
His master's voiceVictor Talking Machine Co.
18.2%
Lying car salesman Joe [product name]Isuzu
18.1%
I dreamed I went shopping in my [product name] braMaidenform
14.7%
You'll wonder where the yellow wentPepsodent
12.9%
Roadside signs in verseBurma-Shave
12.8%
Do you know me?American Express
12.6%
A little dab'll do yaBrylcreem
12%
Frank and Ed, 'Thank you for your support.' [Wine]Bartles & Jaymes
10%
Think SmallVolkswagen
9.1%
Look sharp, Feel sharpGillette
8.7%
Today the pits, tomorrow the wrinkles!Sunsweet Prunes
6.2%
Shot from gunsQuaker Puffed Wheat
5%
Oh, the disadvantages. [Cigarette]Benson & Hedges 100s
4.6%
Fast, fast reliefAnacin
3.5%
Share the fantasyChanel
3.1%
What becomes a legend most?Blackglama-Great Lakes Mink
2%

From the Vault

Four-Letter Things

by yokofoxes

This quiz is a fours to be reckoned with.
Remove Ads.
Support Sporcle.
Get the best of Sporcle when you Go Orange. This ad-free experience offers more features, more stats, and more fun while also helping to support Sporcle. Thank you for becoming a member.

Show Comments

Extras

Top Quizzes Today


Score Distribution

Your Account Isn't Verified!

In order to create a playlist on Sporcle, you need to verify the email address you used during registration. Go to your Sporcle Settings to finish the process.

Report this User

Report this user for behavior that violates our Community Guidelines.

Details: